|
|
|
|
| LEADER |
00000nam a2200000 a 4500 |
| 001 |
vtls001076779 |
| 003 |
SK-MaSNL |
| 005 |
20260301153154.0 |
| 008 |
250414s1994 xo slo |
| 015 |
|
|
|a SNBA1994/11
|
| 020 |
|
|
|a 8022706930
|
| 035 |
|
|
|a SNK000019612
|
| 035 |
|
|
|a urn:nbn:sk:snk-amlnvm
|
| 035 |
|
|
|a urn:nbn:sk:snk-am00bs0d
|
| 035 |
|
|
|a 60FFFEA1-096D-4FE9-B69B-9845A2C86CD5
|
| 040 |
|
|
|a SNK
|b slo
|c SNK
|e AACR2
|
| 041 |
0 |
|
|a slo
|
| 044 |
|
|
|a xo
|c SK
|
| 080 |
|
|
|a 519.856+519.72(075.8)
|2 1981
|
| 080 |
|
|
|a 519.72
|2 1981
|
| 100 |
1 |
|
|a Grošek, Otokar,
|d 1950-
|4 aut
|9 5819
|
| 245 |
1 |
0 |
|a Stochastické procesy a teória informácií
|c Otokar Grošek, Peter Volauf
|
| 250 |
|
|
|a 2. vyd.
|
| 260 |
|
|
|a Bratislava
|b Slovenská technická univerzita
|c 1994
|e Bratislava
|f Vydavateľstvo STU
|
| 300 |
|
|
|a 284 s., 15,031 AH, 15,376 VH
|b Sch., lit. 25 zázn. v angl., češ., nem., ruš. a slov.
|c 29 cm
|
| 366 |
|
|
|e 150 výt.
|
| 500 |
|
|
|a Schválil rektor SVŠT v Bratislave ako skriptá
|
| 655 |
|
7 |
|a učebnice vysokých škôl
|2 SNKPH
|9 70191
|
| 700 |
1 |
|
|a Volauf, Peter
|4 aut
|9 364749
|
| 852 |
|
|
|a Slovenská národná knižnica
|
| 919 |
|
|
|a 80-227-0693-0
|
| 954 |
|
|
|a procesy stochastické
|a teória informácií (matem.)
|
| 958 |
0 |
7 |
|a RM
|
| 958 |
0 |
7 |
|a NB
|
| 958 |
0 |
7 |
|a UV
|
| 999 |
|
|
|c 791821
|d 793751
|
| 952 |
|
|
|t P60, <04>, [BOOK], {604}
|a SNK
|b SNK
|y VYP
|7 0
|p 17A0080606
|o snkSB 53086 D1
|0 0
|1 0
|4 0
|d 1997-07-15
|l 0
|r 2004-12-31 00:00:00
|w 2026-02-24
|
| 952 |
|
|
|a SNK
|b SNK
|y PREZ
|7 0
|p 17A0905776
|o snkSB 53086
|0 0
|1 0
|4 0
|d 2012-07-17
|f 1
|l 0
|r 2025-03-18 00:00:00
|w 2026-02-24
|